Horrorscopes : (Record no. 11623)
[ view plain ]
| 000 -LEADER | |
|---|---|
| fixed length control field | 00602nam a22002177a 4500 |
| 003 - CONTROL NUMBER IDENTIFIER | |
| control field | PILC |
| 005 - DATE AND TIME OF LATEST TRANSACTION | |
| control field | 20160114143130.0 |
| 008 - FIXED-LENGTH DATA ELEMENTS--GENERAL INFORMATION | |
| fixed length control field | 130918t xxu||||| |||| 00| 0 eng d |
| 020 ## - INTERNATIONAL STANDARD BOOK NUMBER | |
| International Standard Book Number | 0749718617 |
| 050 ## - LIBRARY OF CONGRESS CALL NUMBER | |
| Classification number | PZ 7 |
| Item number | .P173 1995 |
| 082 ## - DEWEY DECIMAL CLASSIFICATION NUMBER | |
| Classification number | FIC |
| Item number | P18ho 1995 |
| 100 ## - MAIN ENTRY--PERSONAL NAME | |
| Personal name | Palmer, Maria |
| 9 (RLIN) | 20759 |
| 245 ## - TITLE STATEMENT | |
| Title | Horrorscopes : |
| Remainder of title | leo : blood ties |
| Statement of responsibility, etc | Maria Palmer. |
| 260 ## - PUBLICATION, DISTRIBUTION, ETC. (IMPRINT) | |
| Place of publication, distribution, etc | Great Britain : |
| Name of publisher, distributor, etc | Mammoth, |
| Date of publication, distribution, etc | c1995. |
| 300 ## - PHYSICAL DESCRIPTION | |
| Extent | 115 p. : |
| Dimensions | 18 cm. |
| 650 ## - SUBJECT ADDED ENTRY--TOPICAL TERM | |
| Topical term or geographic name as entry element | Horror stories. |
| 9 (RLIN) | 3825 |
| 650 ## - SUBJECT ADDED ENTRY--TOPICAL TERM | |
| Topical term or geographic name as entry element | Horoscopes |
| General subdivision | Fiction. |
| 9 (RLIN) | 20762 |
| 650 ## - SUBJECT ADDED ENTRY--TOPICAL TERM | |
| Topical term or geographic name as entry element | Fate |
| General subdivision | Fiction. |
| 9 (RLIN) | 20763 |
| 942 ## - ADDED ENTRY ELEMENTS (KOHA) | |
| Source of classification or shelving scheme | Library of Congress Classification |
| Koha item type | Books |
| Withdrawn status | Lost status | Source of classification or shelving scheme | Damaged status | Home library | Current library | Shelving location | Date acquired | Total Checkouts | Full call number | Barcode | Date last seen | Copy number | Price effective from | Koha item type |
|---|---|---|---|---|---|---|---|---|---|---|---|---|---|---|
| Library of Congress Classification | Luxembourg Library | Luxembourg Library | Fiction Section | 09/18/2013 | PZ 7 .P173 1995 | 8629 | 09/18/2013 | 1 | 09/18/2013 | Books |